UBT Library

Foundations of electromagnetic theory / (Record no. 45009)

000 -LEADER
fixed length control field 00630cam a2200217 i 4500
001 - CONTROL NUMBER
control field 1792290
005 - DATE AND TIME OF LATEST TRANSACTION
control field 20180314081656.0
008 - FIXED-LENGTH DATA ELEMENTS--GENERAL INFORMATION
fixed length control field 781115s1979 maua b 001 0 eng
010 ## - LIBRARY OF CONGRESS CONTROL NUMBER
LC control number 78018649
020 ## - INTERNATIONAL STANDARD BOOK NUMBER
International Standard Book Number 0201063328 :
Terms of availability $16.95
040 ## - CATALOGING SOURCE
Original cataloging agency DLC
Transcribing agency DLC
Modifying agency DLC
041 ## - LANGUAGE CODE
Language code of text/sound track or separate title eng
080 ## - UNIVERSAL DECIMAL CLASSIFICATION NUMBER
Universal Decimal Classification number 530.141 joh
082 00 - DEWEY DECIMAL CLASSIFICATION NUMBER
Classification number 530.141 joh
100 1# - Rafti
Rafti 27
101 ## - Shkurtesa
Shkurtesa mec
245 10 - TITLE STATEMENT
Title Foundations of electromagnetic theory /
Statement of responsibility, etc John R. Reitz, Frederick J. Milford, Robert W. Christy.
504 ## - BIBLIOGRAPHY, ETC. NOTE
Bibliography, etc Includes bibliographical references and index.
906 ## - LOCAL DATA ELEMENT F, LDF (RLIN)
a 7
b cbc
c orignew
d 1
e ocip
f 19
g y-gencatlg
942 ## - ADDED ENTRY ELEMENTS (KOHA)
Source of classification or shelving scheme
Item type Books
Holdings
Withdrawn status Lost status Source of classification or shelving scheme Damaged status Not for loan Collection code Permanent location Current location Shelving location Date acquired Total Checkouts Full call number Barcode Date last seen Price effective from Koha item type
          Koleksioni i përgjithshem UBT - Lipjan UBT - Lipjan Koleksioni i përgjithshem 03/14/2018   530.141 joh 002-3001726 03/14/2018 03/14/2018 Books
UBT Library © 2015-2024. All rights reserved University Education for Business and Technology